Rocket League Bots - Statistics

General Stats
  • This quiz has been taken 103 times
  • The average score is 7 of 54
Answer Stats
Team Bot % Correct
Monarchs Khan
27%
Mammoths Boomer
24%
Independent Tex
24%
Monarchs Rex
23%
Independent Hollywood
20%
Guardians C-Block
19%
Skyhawks Maverick
19%
Bombers Myrtle
19%
Guardians Gerwin
17%
Independent Jester
17%
Independent Merlin
17%
Rebels Poncho
17%
Rebels Bandit
16%
Bombers Casper
16%
Independent Stinger
16%
Rovers Armstrong
14%
Cyclones Fury
14%
Skyhawks Iceman
14%
Dragons Imp
14%
Mammoths Sticks
14%
Skyhawks Goose
13%
Dragons Mountain
13%
Seekers Saltie
13%
Bombers Samara
13%
Independent Wolfman
13%
Rovers Buzz
11%
Seekers Middy
11%
Express Tusk
11%
Express Beast
10%
Independent Chipper
10%
Cyclones Rainmaker
10%
Monarchs Raja
10%
Independent Sundown
10%
Dragons Viper
10%
Rovers Yuri
10%
Mammoths Caveman
9%
Skyhawks Cougar
9%
Rebels Dude
9%
Mammoths Foamer
9%
Independent Heater
9%
Dragons Hound
9%
Express Sabretooth
9%
Independent Slider
9%
Monarchs Sultan
9%
Rebels Outlaw
7%
Express Roundhouse
7%
Cyclones Storm
7%
Guardians Centice
6%
Guardians Junker
6%
Rovers Shepard
6%
Bombers Marley
4%
Seekers Scout
4%
Cyclones Squall
4%
Seekers Swabbie
4%
No matching quizzes found
Score Distribution
Percent of People with Each Score
Percentile by Number Answered
Your Score History
You have not taken this quiz